Normal view
MARC view
Entry Geographic Name
001 - CONTROL NUMBER
- control field: 487541
003 - CONTROL NUMBER IDENTIFIER
- control field:
005 - DATE AND TIME OF LATEST TRANSACTION
- control field: 20210602140340.0
008 - FIXED-LENGTH DATA ELEMENTS
- fixed length control field: 210602|| aca||aabn | a|a d
040 ## - CATALOGING SOURCE
- Original cataloging agency:
- Transcribing agency:
151 ## - HEADING--GEOGRAPHIC NAME
- Geographic name: Mogul Empire
- General subdivision: Fiction
670 ## - SOURCE DATA FOUND
- Source citation: Work cat.: (): Myers, L. H. (Leopold Hamilton), 1881-1944 487539, The root and the flower /, 1985
